Statistics for United Kingdom Geography by Letter H - Picture Quiz

Click here to take the quiz!

General Stats

  • This quiz has been taken 287 times
    (208 since last reset)
  • The average score is 9 of 15

Answer Stats

Answer% Correct
{Hadrian's} Wall
96%
{Hyde} Park
90%
Hebrides
80%
{Hampton} Court Palace
79%
Houses of Parliament
78%
Hampshire
77%
Herefordshire
76%
Saint {Helena}
74%
Castle {Howard}
57%
Humber
54%
{Hampden} Park
46%
{Hay}-on-Wye
46%
{Harlech} Castle
33%
{Hugh} Town
9%
{Holme} Fen
7%

Score Distribution

Percentile by Number Answered

Percent of People with Each Score

Your Score History

You have not taken this quiz since the last reset